000
00231nam a22000977a 4500
999
_c
533317
_d
533317
040
_c
DLC
082
_a
519.2076
_b
LIP
100
_a
Lipschutz, Seymour
_9
8529
245
_a
Introduction to probability and statistics
942
_2
ddc
_c
BK